[Event "DEM U12 2020"]
[Site "Willingen GER"]
[Date "2020.10.27"]
[Round "1"]
[White "Kiefhaber, Tobias"]
[Black "Ivanov, Alexander"]
[Result "1-0"]
[Termination "normal"]
[Board "26"]
[WhiteElo "1542"]
[BlackElo "1261"]
[WhiteClock "00:45:48"]
[BlackClock "00:58:45"]
[PlyCount "71"]
[WhiteFideId "16240693"]
[BlackFideId "34604472"]
[EventCountry "GER"]
[EventRounds "7"]
[EventType "swiss"]
[EventDate "2020.10.26"]

1. d4 {[%clk 1:30:58]} f5 {[%clk 1:30:43]} 2. Qd3 {[%clk 1:31:20]} Nf6 {[%clk
1:31:05]} 3. Qxf5 {[%clk 1:30:47]} e6 {[%clk 1:30:24]} 4. Qd3 {[%clk 1:30:14]}
Be7 {[%clk 1:30:38]} 5. Nc3 {[%clk 1:29:44]} O-O {[%clk 1:30:55]} 6. Bf4 {[%clk
1:29:19]} d6 {[%clk 1:30:28]} 7. Nf3 {[%clk 1:28:44]} Nbd7 {[%clk 1:25:54]} 8.
h4 {[%clk 1:24:04]} Nh5 {[%clk 1:21:25]} 9. Bg5 {[%clk 1:19:39]} b6 {[%clk
1:20:10]} 10. g4 {[%clk 1:18:23]} Nf4 {[%clk 1:17:43]} 11. Qe3 {[%clk 1:14:27]}
Nd5 {[%clk 1:15:17]} 12. Qxe6+ {[%clk 1:11:31]} Kh8 {[%clk 1:12:12]} 13. Qxd5
{[%clk 1:09:21]} Ba6 {[%clk 1:09:24]} 14. O-O-O {[%clk 1:09:11]} c5 {[%clk
1:07:03]} 15. Bxe7 {[%clk 1:07:33]} Qxe7 {[%clk 1:07:00]} 16. dxc5 {[%clk
1:05:37]} bxc5 {[%clk 1:07:08]} 17. Qxd6 {[%clk 1:05:38]} Qxd6 {[%clk 1:06:20]}
18. Rxd6 {[%clk 1:05:14]} Bc8 {[%clk 1:06:18]} 19. g5 {[%clk 1:04:32]} Nb6
{[%clk 1:05:29]} 20. g6 {[%clk 1:02:14]} h6 {[%clk 1:05:33]} 21. Ne5 {[%clk
0:59:53]} Bb7 {[%clk 1:03:47]} 22. f3 {[%clk 0:59:44]} Rae8 {[%clk 1:03:11]}
23. Nd7 {[%clk 0:58:21]} Nxd7 {[%clk 1:03:05]} 24. Rxd7 {[%clk 0:58:45]} Rb8
{[%clk 1:02:20]} 25. Bh3 {[%clk 0:55:27]} a5 {[%clk 1:00:40]} 26. Rh2 {[%clk
0:53:52]} Ba6 {[%clk 0:59:57]} 27. Rd6 {[%clk 0:48:51]} Bb7 {[%clk 0:59:28]}
28. Bg4 {[%clk 0:47:38]} c4 {[%clk 0:59:20]} 29. Rh1 {[%clk 0:46:51]} Rbe8
{[%clk 0:58:34]} 30. Rhd1 {[%clk 0:44:59]} Bc8 {[%clk 0:57:45]} 31. Bxc8 {[%clk
0:45:17]} Rxc8 {[%clk 0:58:12]} 32. Rd7 {[%clk 0:45:29]} Rg8 {[%clk 0:58:23]}
33. Re7 {[%clk 0:45:10]} Rcd8 {[%clk 0:58:15]} 34. Rxd8 {[%clk 0:45:25]} Rxd8
{[%clk 0:58:37]} 35. Rc7 {[%clk 0:45:38]} Rd4 {[%clk 0:58:45]} 36. Rc8+ {[%clk
0:45:48]} 1-0

[Event "DEM U12 2020"]
[Site "Willingen GER"]
[Date "2020.10.28"]
[Round "3"]
[White "Kempe, Caius Emilian"]
[Black "Hoppstädter, Daniel"]
[Result "1-0"]
[Termination "normal"]
[Board "2"]
[WhiteElo "1840"]
[BlackElo "1712"]
[WhiteClock "00:47:55"]
[BlackClock "00:20:17"]
[PlyCount "127"]
[WhiteFideId "16246861"]
[BlackFideId "16243625"]
[EventCountry "GER"]
[EventRounds "7"]
[EventType "swiss"]
[EventDate "2020.10.26"]

1. d4 {[%clk 1:30:56]} Nf6 {[%clk 1:30:53]} 2. c4 {[%clk 1:31:18]} g6 {[%clk
1:31:12]} 3. Nc3 {[%clk 1:31:36]} Bg7 {[%clk 1:31:33]} 4. e4 {[%clk 1:31:57]}
d6 {[%clk 1:31:53]} 5. f3 {[%clk 1:32:20]} Nc6 {[%clk 1:31:39]} 6. Be3 {[%clk
1:32:20]} O-O {[%clk 1:31:32]} 7. Nge2 {[%clk 1:32:39]} e5 {[%clk 1:30:37]} 8.
d5 {[%clk 1:32:55]} Ne7 {[%clk 1:30:45]} 9. Qd2 {[%clk 1:33:10]} Nd7 {[%clk
1:28:11]} 10. g4 {[%clk 1:32:17]} f5 {[%clk 1:27:38]} 11. gxf5 {[%clk 1:32:29]}
gxf5 {[%clk 1:27:56]} 12. O-O-O {[%clk 1:32:22]} f4 {[%clk 1:26:00]} 13. Bf2
{[%clk 1:32:38]} Nf6 {[%clk 1:20:29]} 14. Kb1 {[%clk 1:31:33]} Ng6 {[%clk
1:19:57]} 15. Nc1 {[%clk 1:31:40]} Bd7 {[%clk 1:12:45]} 16. c5 {[%clk 1:28:55]}
Rf7 {[%clk 1:07:02]} 17. Bc4 {[%clk 1:27:17]} Bh3 {[%clk 1:04:43]} 18. Rhg1
{[%clk 1:25:54]} Bf8 {[%clk 0:58:11]} 19. Nd3 {[%clk 1:25:35]} a6 {[%clk
0:55:16]} 20. Bb3 {[%clk 1:25:20]} b6 {[%clk 0:52:18]} 21. cxb6 {[%clk
1:24:28]} cxb6 {[%clk 0:52:19]} 22. Rc1 {[%clk 1:24:41]} Nd7 {[%clk 0:51:25]}
23. Nb4 {[%clk 1:21:46]} Nc5 {[%clk 0:50:41]} 24. Nc6 {[%clk 1:18:55]} Qc8
{[%clk 0:43:23]} 25. Na4 {[%clk 1:17:22]} Qb7 {[%clk 0:41:10]} 26. Nxc5 {[%clk
1:11:27]} bxc5 {[%clk 0:41:27]} 27. Bxc5 {[%clk 1:11:25]} dxc5 {[%clk 0:41:35]}
28. Nxe5 {[%clk 1:11:46]} Rf6 {[%clk 0:36:45]} 29. Nxg6 {[%clk 1:10:11]} hxg6
{[%clk 0:36:33]} 30. e5 {[%clk 1:10:01]} Bf5+ {[%clk 0:35:23]} 31. Ka1 {[%clk
1:10:21]} Rb6 {[%clk 0:35:21]} 32. Qxf4 {[%clk 1:07:56]} Kh7 {[%clk 0:35:22]}
33. Qe3 {[%clk 1:03:40]} Rb8 {[%clk 0:34:40]} 34. d6 {[%clk 1:00:04]} Rxb3
{[%clk 0:28:15]} 35. Qxb3 {[%clk 0:58:35]} Qxb3 {[%clk 0:27:54]} 36. axb3
{[%clk 0:59:03]} Rb5 {[%clk 0:28:23]} 37. Rc4 Bg7 38. f4 {[%clk 0:50:17]} Rxb3
{[%clk 0:24:14]} 39. Rxc5 {[%clk 0:49:28]} Rb4 {[%clk 0:24:33]} 40. Ra5 {[%clk
0:49:44]} Rxf4 {[%clk 0:24:46]} 41. Re1 {[%clk 0:49:49]} Be6 {[%clk 0:24:40]}
42. Rxa6 {[%clk 0:49:48]} Bxe5 {[%clk 0:22:57]} 43. Ra5 {[%clk 0:45:51]} Bxd6
{[%clk 0:20:35]} 44. Rxe6 {[%clk 0:46:09]} Rf1+ {[%clk 0:20:59]} 45. Ka2 {[%clk
0:46:31]} Bxh2 {[%clk 0:21:24]} 46. Rg5 {[%clk 0:46:40]} Rf2 {[%clk 0:20:31]}
47. Rgxg6 {[%clk 0:45:42]} Be5 {[%clk 0:20:04]} 48. Rh6+ {[%clk 0:45:14]} Kg7
{[%clk 0:20:30]} 49. Rxe5 {[%clk 0:45:24]} Kxh6 {[%clk 0:20:47]} 50. Ka3 {[%clk
0:45:12]} Kg6 {[%clk 0:20:36]} 51. b4 {[%clk 0:45:31]} Kf6 {[%clk 0:20:42]} 52.
Re3 {[%clk 0:45:28]} Rf1 {[%clk 0:20:48]} 53. Ka4 {[%clk 0:45:49]} Rh1 {[%clk
0:18:59]} 54. Ka5 {[%clk 0:46:02]} Rh8 {[%clk 0:18:29]} 55. b5 {[%clk 0:46:10]}
Ra8+ {[%clk 0:18:43]} 56. Kb6 {[%clk 0:46:32]} Rb8+ {[%clk 0:19:07]} 57. Ka6
{[%clk 0:46:55]} Ra8+ {[%clk 0:19:27]} 58. Kb7 {[%clk 0:47:18]} Ra1 {[%clk
0:20:10]} 59. Kb8 {[%clk 0:47:46]} Rb1 {[%clk 0:20:10]} 60. b6 {[%clk 0:48:10]}
Rb2 {[%clk 0:20:17]} 61. Kc8 {[%clk 0:47:55]} Rb1 {[%clk 0:20:17]} 62. b7
{[%clk 0:47:55]} Rb2 {[%clk 0:20:17]} 63. Rb3 {[%clk 0:47:55]} Ke6 {[%clk
0:20:17]} 64. Kc7 {[%clk 0:47:55]} 1-0

[Event "DEM U12 2020"]
[Site "Willingen GER"]
[Date "2020.10.28"]
[Round "3"]
[White "Kiefhaber, Tobias"]
[Black "Payyappat, Sreyas"]
[Result "0-1"]
[Termination "normal"]
[Board "5"]
[WhiteElo "1542"]
[BlackElo "2144"]
[WhiteClock "01:28:02"]
[BlackClock "00:27:17"]
[PlyCount "64"]
[WhiteFideId "16240693"]
[BlackFideId "46674969"]
[EventCountry "GER"]
[EventRounds "7"]
[EventType "swiss"]
[EventDate "2020.10.26"]

1. d4 {[%clk 1:30:58]} Nf6 {[%clk 1:30:53]} 2. Nf3 {[%clk 1:31:21]} d5 {[%clk
1:31:15]} 3. Bf4 {[%clk 1:31:42]} c5 {[%clk 1:31:10]} 4. c3 {[%clk 1:32:03]}
cxd4 {[%clk 1:29:52]} 5. cxd4 {[%clk 1:32:22]} Qb6 {[%clk 1:28:08]} 6. Qc2
{[%clk 1:32:09]} Nc6 {[%clk 1:27:36]} 7. a3 {[%clk 1:30:56]} Bf5 {[%clk
1:23:30]} 8. Qc1 {[%clk 1:24:40]} Na5 {[%clk 1:19:30]} 9. Nbd2 {[%clk 1:23:02]}
Rc8 {[%clk 1:18:55]} 10. Qd1 {[%clk 1:23:19]} Qxb2 {[%clk 0:51:45]} 11. e3
{[%clk 1:23:10]} e6 {[%clk 0:34:28]} 12. Be2 {[%clk 1:23:29]} Bc2 {[%clk
0:33:03]} 13. Qc1 {[%clk 1:23:39]} Qxc1+ {[%clk 0:33:04]} 14. Rxc1 {[%clk
1:24:05]} Bxa3 {[%clk 0:33:18]} 15. Ra1 {[%clk 1:24:27]} Bb4 {[%clk 0:33:25]}
16. O-O {[%clk 1:24:33]} O-O {[%clk 0:32:37]} 17. Rfc1 {[%clk 1:23:31]} Ne4
{[%clk 0:31:46]} 18. Ra2 {[%clk 1:23:21]} Nc3 {[%clk 0:32:03]} 19. Rcxc2 {[%clk
1:23:29]} Nxe2+ {[%clk 0:31:20]} 20. Kf1 {[%clk 1:23:53]} Nxf4 {[%clk 0:28:28]}
21. exf4 {[%clk 1:23:56]} Rxc2 {[%clk 0:27:36]} 22. Rxc2 {[%clk 1:24:22]} b5
{[%clk 0:27:45]} 23. Ne5 {[%clk 1:24:31]} Bxd2 {[%clk 0:25:46]} 24. Rxd2 {[%clk
1:24:48]} Nc4 {[%clk 0:26:08]} 25. Ra2 {[%clk 1:25:06]} Nxe5 {[%clk 0:26:23]}
26. fxe5 {[%clk 1:25:30]} Ra8 {[%clk 0:26:40]} 27. Ra5 {[%clk 1:25:49]} a6
{[%clk 0:26:59]} 28. Ke2 {[%clk 1:26:14]} Kf8 {[%clk 0:26:48]} 29. Kd3 {[%clk
1:26:38]} Ke7 {[%clk 0:27:06]} 30. f4 {[%clk 1:27:06]} Kd7 {[%clk 0:27:04]} 31.
g4 {[%clk 1:27:32]} Kc6 {[%clk 0:27:26]} 32. f5 {[%clk 1:28:02]} Kb6 {[%clk
0:27:17]} 0-1

[Event "DEM U12 2020"]
[Site "Willingen GER"]
[Date "2020.10.28"]
[Round "3"]
[White "Aravindan, Midhulan"]
[Black "Krüger, Arthur"]
[Result "0-1"]
[Termination "normal"]
[Board "12"]
[WhiteElo "1565"]
[BlackElo "1704"]
[WhiteClock "00:15:55"]
[BlackClock "00:05:06"]
[PlyCount "90"]
[WhiteFideId "16237250"]
[BlackFideId "16244966"]
[EventCountry "GER"]
[EventRounds "7"]
[EventType "swiss"]
[EventDate "2020.10.26"]

1. e4 {[%clk 1:30:52]} e6 {[%clk 1:30:51]} 2. d4 {[%clk 1:31:14]} d5 {[%clk
1:31:16]} 3. exd5 {[%clk 1:30:36]} exd5 {[%clk 1:31:39]} 4. Bd3 {[%clk
1:31:01]} Nf6 {[%clk 1:31:51]} 5. Nf3 {[%clk 1:30:14]} c5 {[%clk 1:32:12]} 6.
Qe2+ {[%clk 1:29:23]} Qe7 {[%clk 1:24:19]} 7. c3 {[%clk 1:24:04]} Qxe2+ {[%clk
1:22:33]} 8. Bxe2 {[%clk 1:24:18]} Nc6 {[%clk 1:22:19]} 9. Bf4 {[%clk 1:22:30]}
Bf5 {[%clk 1:18:54]} 10. Nbd2 {[%clk 1:20:28]} cxd4 {[%clk 1:16:48]} 11. Nxd4
{[%clk 1:18:12]} Nxd4 {[%clk 1:14:50]} 12. cxd4 {[%clk 1:18:26]} Bb4 {[%clk
1:13:18]} 13. a3 {[%clk 1:13:52]} Ba5 {[%clk 1:11:00]} 14. O-O {[%clk 1:13:32]}
O-O {[%clk 1:10:33]} 15. b4 {[%clk 1:12:11]} Bb6 {[%clk 1:10:02]} 16. Nb3
{[%clk 1:12:01]} Rfe8 {[%clk 1:03:43]} 17. Bf3 {[%clk 1:06:57]} Be4 {[%clk
1:02:39]} 18. Bxe4 {[%clk 1:03:04]} Rxe4 {[%clk 0:57:48]} 19. Be5 {[%clk
1:02:05]} Nd7 {[%clk 0:52:36]} 20. Rfe1 {[%clk 0:52:48]} Nxe5 {[%clk 0:48:26]}
21. Rxe4 {[%clk 0:50:59]} dxe4 {[%clk 0:48:11]} 22. dxe5 {[%clk 0:51:22]} Re8
{[%clk 0:46:41]} 23. Nc5 {[%clk 0:42:39]} Bxc5 {[%clk 0:43:40]} 24. bxc5 {[%clk
0:42:50]} Rxe5 {[%clk 0:43:46]} 25. Rc1 {[%clk 0:42:49]} Rd5 {[%clk 0:41:30]}
26. Kf1 {[%clk 0:42:35]} g6 {[%clk 0:40:37]} 27. Ke2 {[%clk 0:41:41]} Rd3
{[%clk 0:39:02]} 28. Rb1 {[%clk 0:39:43]} b6 {[%clk 0:36:37]} 29. cxb6 {[%clk
0:37:28]} axb6 {[%clk 0:36:49]} 30. f3 {[%clk 0:32:03]} Rxa3 {[%clk 0:31:20]}
31. fxe4 {[%clk 0:31:16]} Ra6 {[%clk 0:29:16]} 32. h4 {[%clk 0:30:13]} Kf8
{[%clk 0:27:53]} 33. Ke3 {[%clk 0:29:27]} Ke7 {[%clk 0:27:41]} 34. g4 {[%clk
0:28:44]} Ke6 {[%clk 0:25:27]} 35. Kf4 {[%clk 0:27:17]} h6 {[%clk 0:24:11]} 36.
Rb5 {[%clk 0:23:50]} Kf6 {[%clk 0:21:07]} 37. Rd5 {[%clk 0:21:41]} Ke6 {[%clk
0:20:05]} 38. Rb5 {[%clk 0:17:33]} Kd6 {[%clk 0:17:42]} 39. Rd5+ {[%clk
0:17:31]} Kc6 {[%clk 0:16:06]} 40. Ke5 {[%clk 0:17:07]} Ra5 {[%clk 0:11:25]}
41. Kf6 {[%clk 0:15:14]} Rxd5 {[%clk 0:10:15]} 42. exd5+ {[%clk 0:15:33]} Kxd5
{[%clk 0:04:58]} 43. Kxf7 {[%clk 0:15:37]} g5 {[%clk 0:04:24]} 44. Kg6 {[%clk
0:15:33]} gxh4 {[%clk 0:04:41]} 45. Kxh6 {[%clk 0:15:55]} h3 {[%clk 0:05:06]}
0-1

[Event "DEM U12 2020"]
[Site "Willingen GER"]
[Date "2020.10.29"]
[Round "4"]
[White "Kempe, Caius Emilian"]
[Black "von Mettenheim, Johannes"]
[Result "1-0"]
[Termination "normal"]
[Board "1"]
[WhiteElo "1840"]
[BlackElo "1995"]
[WhiteClock "00:14:42"]
[BlackClock "00:12:30"]
[PlyCount "143"]
[WhiteFideId "16246861"]
[BlackFideId "16244818"]
[EventCountry "GER"]
[EventRounds "7"]
[EventType "swiss"]
[EventDate "2020.10.26"]

1. e4 {[%clk 1:30:57]} c6 {[%clk 1:30:52]} 2. Nf3 {[%clk 1:31:13]} d5 {[%clk
1:31:07]} 3. Nc3 {[%clk 1:31:28]} dxe4 {[%clk 1:31:10]} 4. Nxe4 {[%clk
1:31:51]} Nf6 {[%clk 1:31:35]} 5. Ng3 {[%clk 1:31:52]} g6 {[%clk 1:28:35]} 6.
d4 {[%clk 1:32:03]} Bg7 {[%clk 1:28:52]} 7. Be2 {[%clk 1:30:31]} O-O {[%clk
1:26:05]} 8. O-O {[%clk 1:30:01]} Qc7 {[%clk 1:24:17]} 9. c3 {[%clk 1:29:02]}
Rd8 {[%clk 1:21:44]} 10. Qc2 {[%clk 1:28:57]} Nbd7 {[%clk 1:19:14]} 11. h4
{[%clk 1:22:53]} Ng4 {[%clk 1:08:16]} 12. Ng5 {[%clk 1:18:54]} Ndf6 {[%clk
1:06:01]} 13. Bc4 {[%clk 1:12:08]} e6 {[%clk 1:01:40]} 14. N5e4 {[%clk
1:05:49]} Nxe4 {[%clk 0:45:29]} 15. Qxe4 {[%clk 1:04:51]} e5 {[%clk 0:45:31]}
16. Bg5 {[%clk 1:03:50]} Re8 {[%clk 0:40:17]} 17. d5 {[%clk 1:02:44]} h6 {[%clk
0:30:12]} 18. d6 {[%clk 1:00:39]} Qxd6 {[%clk 0:30:04]} 19. Rad1 {[%clk
1:00:48]} Qc5 {[%clk 0:29:21]} 20. b4 {[%clk 1:00:06]} Qf8 {[%clk 0:28:52]} 21.
f3 {[%clk 0:25:25]} hxg5 {[%clk 0:25:56]} 22. fxg4 {[%clk 0:24:44]} Be6 {[%clk
0:25:57]} 23. h5 {[%clk 0:24:02]} Qe7 {[%clk 0:17:51]} 24. Rd2 {[%clk 0:21:21]}
Rad8 {[%clk 0:16:50]} 25. Bxe6 {[%clk 0:18:02]} Qxe6 {[%clk 0:16:55]} 26. Rdf2
{[%clk 0:17:26]} Re7 {[%clk 0:16:51]} 27. hxg6 {[%clk 0:16:02]} fxg6 {[%clk
0:17:14]} 28. a4 {[%clk 0:15:16]} Rd6 {[%clk 0:17:35]} 29. b5 {[%clk 0:13:41]}
Qb3 {[%clk 0:16:05]} 30. Qe3 {[%clk 0:10:13]} e4 {[%clk 0:15:58]} 31. Qxg5
{[%clk 0:09:04]} Rde6 {[%clk 0:13:39]} 32. Nh5 {[%clk 0:06:14]} gxh5 {[%clk
0:13:39]} 33. Rf8+ {[%clk 0:06:34]} Kh7 {[%clk 0:13:55]} 34. Qf5+ {[%clk
0:06:05]} Rg6 {[%clk 0:14:18]} 35. gxh5 {[%clk 0:06:05]} Ree6 {[%clk 0:13:44]}
36. hxg6+ {[%clk 0:05:47]} Rxg6 {[%clk 0:14:03]} 37. Qh5+ {[%clk 0:05:28]} Rh6
{[%clk 0:14:15]} 38. Qf5+ {[%clk 0:03:10]} Rg6 {[%clk 0:14:39]} 39. Qh5+ {[%clk
0:02:47]} Rh6 {[%clk 0:15:04]} 40. Qf7 {[%clk 0:02:43]} Qxf7 {[%clk 0:14:21]}
41. R8xf7 {[%clk 0:03:03]} cxb5 {[%clk 0:14:39]} 42. Rxb7 {[%clk 0:29:18]} bxa4
{[%clk 0:40:42]} 43. Rff7 {[%clk 0:29:07]} Rg6 {[%clk 0:40:49]} 44. Rxa7 {[%clk
0:29:21]} Kh6 {[%clk 0:40:48]} 45. Rfe7 {[%clk 0:28:40]} Bf8 {[%clk 0:36:46]}
46. Rh7+ {[%clk 0:27:49]} Kg5 {[%clk 0:37:12]} 47. Rxa4 {[%clk 0:27:42]} Re6
{[%clk 0:35:07]} 48. Kf1 {[%clk 0:25:17]} Be7 {[%clk 0:33:15]} 49. Ke2 {[%clk
0:24:57]} Bf6 {[%clk 0:33:08]} 50. Rh3 {[%clk 0:24:45]} Kf5 {[%clk 0:29:34]}
51. Rh5+ {[%clk 0:22:37]} Kf4 {[%clk 0:24:44]} 52. Rh6 {[%clk 0:22:20]} Rb6
{[%clk 0:24:11]} 53. Ra2 {[%clk 0:22:10]} Kg5 {[%clk 0:23:01]} 54. Rh3 {[%clk
0:22:27]} Kf4 {[%clk 0:22:23]} 55. Re3 {[%clk 0:21:46]} Rb5 {[%clk 0:21:31]}
56. Kf2 {[%clk 0:20:53]} Kf5 {[%clk 0:20:14]} 57. Rae2 {[%clk 0:19:54]} Re5
{[%clk 0:19:59]} 58. Kg3 {[%clk 0:18:08]} Be7 {[%clk 0:18:46]} 59. Rf2+ {[%clk
0:17:31]} Kg5 {[%clk 0:18:09]} 60. Rf7 {[%clk 0:15:39]} Kg6 {[%clk 0:17:18]}
61. Rxe7 {[%clk 0:12:09]} Rxe7 {[%clk 0:17:44]} 62. Kf4 {[%clk 0:12:29]} Kf6
{[%clk 0:16:56]} 63. Rxe4 {[%clk 0:12:46]} Rc7 {[%clk 0:16:17]} 64. c4 {[%clk
0:12:58]} Rc5 {[%clk 0:15:16]} 65. Ke3 {[%clk 0:12:38]} Kf5 {[%clk 0:15:21]}
66. g4+ {[%clk 0:13:00]} Kf6 {[%clk 0:15:36]} 67. Kd4 {[%clk 0:13:22]} Rc8
{[%clk 0:14:05]} 68. c5 {[%clk 0:13:37]} Rd8+ {[%clk 0:13:31]} 69. Kc4 {[%clk
0:14:00]} Rd1 {[%clk 0:13:54]} 70. Kb5 {[%clk 0:14:23]} Rb1+ {[%clk 0:12:34]}
71. Kc6 {[%clk 0:14:42]} Rc1 {[%clk 0:12:30]} 72. Kb6 1-0

[Event "DEM U12 2020"]
[Site "Willingen GER"]
[Date "2020.10.29"]
[Round "4"]
[White "Payyappat, Sreyas"]
[Black "Sauer, Tim"]
[Result "1-0"]
[Termination "normal"]
[Board "2"]
[WhiteElo "2144"]
[BlackElo "1729"]
[WhiteClock "00:41:08"]
[BlackClock "01:05:00"]
[PlyCount "49"]
[WhiteFideId "46674969"]
[BlackFideId "16265726"]
[EventCountry "GER"]
[EventRounds "7"]
[EventType "swiss"]
[EventDate "2020.10.26"]

1. e4 {[%clk 1:30:55]} c6 {[%clk 1:30:56]} 2. d4 {[%clk 1:31:19]} d5 {[%clk
1:31:22]} 3. f3 {[%clk 1:31:45]} e6 {[%clk 1:31:29]} 4. Be3 {[%clk 1:31:29]}
dxe4 {[%clk 1:31:18]} 5. Nc3 {[%clk 1:31:23]} exf3 {[%clk 1:29:51]} 6. Nxf3
{[%clk 1:31:38]} Nf6 {[%clk 1:30:15]} 7. Bd3 {[%clk 1:31:37]} Nbd7 {[%clk
1:30:23]} 8. O-O {[%clk 1:31:22]} c5 {[%clk 1:30:13]} 9. Ne4 {[%clk 1:23:27]}
Nxe4 {[%clk 1:28:50]} 10. Bxe4 {[%clk 1:23:49]} Nf6 {[%clk 1:29:12]} 11. Bd3
{[%clk 1:23:23]} cxd4 {[%clk 1:29:14]} 12. Bxd4 {[%clk 1:23:23]} Be7 {[%clk
1:28:31]} 13. c3 {[%clk 1:22:56]} O-O {[%clk 1:28:28]} 14. Ng5 {[%clk 1:22:20]}
h6 {[%clk 1:22:21]} 15. Bxf6 {[%clk 1:20:05]} hxg5 {[%clk 1:20:53]} 16. Bd4
{[%clk 1:01:07]} f5 {[%clk 1:17:20]} 17. Qb3 {[%clk 0:57:43]} Kh8 {[%clk
1:13:34]} 18. Bc4 {[%clk 0:53:47]} Bf6 {[%clk 1:13:05]} 19. Rad1 {[%clk
0:53:21]} Bxd4+ {[%clk 1:11:58]} 20. Rxd4 {[%clk 0:53:33]} Qe7 {[%clk 1:12:09]}
21. Re1 {[%clk 0:46:35]} e5 {[%clk 1:11:35]} 22. Qd1 {[%clk 0:45:52]} g4 {[%clk
1:09:52]} 23. Rd5 {[%clk 0:41:23]} e4 {[%clk 1:08:46]} 24. Qxg4 {[%clk
0:41:11]} Rf6 {[%clk 1:05:00]} 25. Qh4+ {[%clk 0:41:08]} 1-0

[Event "DEM U12 2020"]
[Site "Willingen GER"]
[Date "2020.10.29"]
[Round "4"]
[White "Krüger, Arthur"]
[Black "Klaska, Philipp Leon"]
[Result "1/2-1/2"]
[Termination "normal"]
[Board "5"]
[WhiteElo "1704"]
[BlackElo "1716"]
[WhiteClock "00:16:41"]
[BlackClock "00:07:05"]
[PlyCount "57"]
[WhiteFideId "16244966"]
[BlackFideId "16238044"]
[EventCountry "GER"]
[EventRounds "7"]
[EventType "swiss"]
[EventDate "2020.10.26"]

1. e4 {[%clk 1:30:42]} c5 {[%clk 1:30:49]} 2. Nf3 {[%clk 1:30:51]} e6 {[%clk
1:31:06]} 3. d4 {[%clk 1:31:14]} cxd4 {[%clk 1:31:32]} 4. Nxd4 {[%clk 1:31:38]}
a6 {[%clk 1:31:40]} 5. Bd3 {[%clk 1:31:16]} Qc7 {[%clk 1:31:28]} 6. O-O {[%clk
1:30:48]} Nf6 {[%clk 1:31:26]} 7. Qe2 {[%clk 1:30:57]} d6 {[%clk 1:31:28]} 8.
c4 {[%clk 1:29:46]} Nbd7 {[%clk 1:31:23]} 9. Nc3 {[%clk 1:29:41]} b6 {[%clk
1:30:52]} 10. Kh1 {[%clk 1:29:35]} g6 {[%clk 1:24:50]} 11. f4 {[%clk 1:26:36]}
Bg7 {[%clk 1:22:57]} 12. Bd2 {[%clk 1:21:43]} O-O {[%clk 1:20:18]} 13. Rae1
{[%clk 1:16:28]} Nc5 {[%clk 1:10:50]} 14. Bc2 {[%clk 1:12:38]} Bb7 {[%clk
1:08:24]} 15. Nf3 {[%clk 1:03:31]} Rfe8 {[%clk 0:46:38]} 16. b4 {[%clk
0:46:22]} Ncd7 {[%clk 0:44:49]} 17. Bd3 {[%clk 0:46:02]} Kh8 {[%clk 0:28:07]}
18. Rb1 {[%clk 0:40:45]} Rac8 {[%clk 0:23:32]} 19. Rfc1 {[%clk 0:40:09]} Ng8
{[%clk 0:19:22]} 20. Nd1 {[%clk 0:37:34]} Ne7 {[%clk 0:17:55]} 21. Bc3 {[%clk
0:36:39]} Nf6 {[%clk 0:15:53]} 22. Nf2 {[%clk 0:35:57]} Qb8 {[%clk 0:13:29]}
23. e5 {[%clk 0:34:29]} Nd7 {[%clk 0:11:42]} 24. exd6 {[%clk 0:33:45]} Qxd6
{[%clk 0:11:40]} 25. Ne5 {[%clk 0:32:20]} Nxe5 {[%clk 0:11:37]} 26. Bxe5 {[%clk
0:26:32]} Bxe5 {[%clk 0:11:17]} 27. fxe5 {[%clk 0:26:38]} Qc7 {[%clk 0:09:13]}
28. c5 {[%clk 0:21:47]} Nd5 {[%clk 0:07:05]} 29. Nh3 {[%clk 0:16:41]} 1/2-1/2

[Event "DEM U12 2020"]
[Site "Willingen GER"]
[Date "2020.10.29"]
[Round "4"]
[White "Honisch, Alexander"]
[Black "Sommer, Justus"]
[Result "1-0"]
[Termination "normal"]
[Board "8"]
[WhiteElo "1667"]
[BlackElo "1845"]
[WhiteClock "00:28:41"]
[BlackClock "00:42:05"]
[PlyCount "93"]
[WhiteFideId "16298594"]
[BlackFideId "16245008"]
[EventCountry "GER"]
[EventRounds "7"]
[EventType "swiss"]
[EventDate "2020.10.26"]

1. e4 {[%clk 1:30:39]} e5 {[%clk 1:30:22]} 2. Nf3 {[%clk 1:30:19]} Nc6 {[%clk
1:30:36]} 3. Bc4 {[%clk 1:29:58]} Bc5 {[%clk 1:30:52]} 4. c3 {[%clk 1:29:37]}
Nf6 {[%clk 1:30:53]} 5. d3 {[%clk 1:29:36]} d6 {[%clk 1:31:03]} 6. O-O {[%clk
1:29:29]} a6 {[%clk 1:31:01]} 7. Bb3 {[%clk 1:28:35]} Ba7 {[%clk 1:30:58]} 8.
Nbd2 {[%clk 1:27:44]} h6 {[%clk 1:30:33]} 9. h3 {[%clk 1:17:21]} g5 {[%clk
1:28:23]} 10. Nc4 {[%clk 1:12:57]} g4 {[%clk 1:27:13]} 11. hxg4 {[%clk
1:06:02]} Bxg4 {[%clk 1:27:09]} 12. Be3 {[%clk 1:05:44]} b5 {[%clk 1:25:17]}
13. Bxa7 {[%clk 1:03:06]} bxc4 {[%clk 1:17:30]} 14. Ba4 {[%clk 1:00:20]} Rxa7
{[%clk 1:17:22]} 15. Bxc6+ {[%clk 1:00:22]} Kf8 {[%clk 1:17:47]} 16. d4 {[%clk
0:49:44]} Rg8 {[%clk 1:07:00]} 17. dxe5 {[%clk 0:37:01]} Nh5 {[%clk 1:03:29]}
18. exd6 {[%clk 0:31:24]} Bh3 {[%clk 0:59:38]} 19. Ne1 {[%clk 0:29:35]} Nf4
{[%clk 0:54:47]} 20. e5 {[%clk 0:26:25]} Bg4 {[%clk 0:39:17]} 21. dxc7 {[%clk
0:17:05]} Qxc7 {[%clk 0:38:32]} 22. Bf3 {[%clk 0:15:58]} Bxf3 {[%clk 0:36:12]}
23. Qxf3 {[%clk 0:16:10]} Qxe5 {[%clk 0:34:52]} 24. g3 {[%clk 0:15:20]} Re7
{[%clk 0:33:17]} 25. Ng2 {[%clk 0:14:24]} Nd3 {[%clk 0:32:06]} 26. b3 {[%clk
0:14:02]} Qxc3 {[%clk 0:31:33]} 27. bxc4 {[%clk 0:13:37]} Qxc4 {[%clk 0:29:26]}
28. Rfd1 {[%clk 0:13:02]} Ne5 {[%clk 0:28:40]} 29. Qa3 {[%clk 0:11:58]} Ng6
{[%clk 0:24:14]} 30. Rac1 {[%clk 0:12:01]} Qe6 {[%clk 0:24:28]} 31. Re1 {[%clk
0:10:47]} Qf6 {[%clk 0:22:54]} 32. Rc7 {[%clk 0:09:21]} a5 {[%clk 0:16:02]} 33.
Nf4 {[%clk 0:05:58]} Nxf4 {[%clk 0:14:14]} 34. Qxe7+ {[%clk 0:04:35]} Kg7
{[%clk 0:12:34]} 35. Qxf6+ {[%clk 0:03:04]} Kxf6 {[%clk 0:12:55]} 36. Rc6+
{[%clk 0:03:12]} Ne6 {[%clk 0:13:19]} 37. Kg2 {[%clk 0:03:00]} Rd8 {[%clk
0:13:20]} 38. Ra6 {[%clk 0:02:26]} Rd5 {[%clk 0:13:43]} 39. Re4 {[%clk
0:02:12]} Kg7 {[%clk 0:13:24]} 40. Ra4 {[%clk 0:01:19]} Rd2 {[%clk 0:13:03]}
41. R6xa5 {[%clk 0:00:40]} Rd6 {[%clk 0:13:13]} 42. Ra7 {[%clk 0:29:48]} Rd5
{[%clk 0:42:31]} 43. Re4 {[%clk 0:28:51]} Rd6 {[%clk 0:42:39]} 44. a4 {[%clk
0:29:09]} Kf6 {[%clk 0:42:41]} 45. a5 {[%clk 0:29:05]} Kg6 {[%clk 0:42:37]} 46.
Rb4 {[%clk 0:29:12]} Kh5 {[%clk 0:42:05]} 47. Rxf7 {[%clk 0:28:41]} 1-0